[Event "Unterfranken-ch HA 63th"]
[Site "Schweinfurt"]
[Date "2012.04.13"]
[Round "7"]
[White "Rachor, Udo"]
[Black "Walther, Wolfgang"]
[Result "1-0"]
[WhiteElo "1460"]
[BlackElo "1270"]
[PlyCount "66"]
[EventDate "2012.04.09"]
[EventType "swiss"]
[EventRounds "9"]
[EventCountry "GER"]
[SourceTitle "EXT 2015"]
[Source "ChessBase"]
[SourceDate "2014.11.20"]
[SourceVersion "1"]
[SourceVersionDate "2014.11.20"]
[SourceQuality "1"]

1. c4 c5 2. Nc3 Nf6 3. Nf3 e6 4. e4 e5 5. d3 d6 6. Bg5 Be7 7. h3 h6 8. Be3 0-0 9. Be2 Nc6 10. 0-0 Nd4 11. Nd5 Nh7 12. Nxd4 cxd4 13. Bd2 b6 14. f4 exf4 15. Bxf4 Bg5 16. Nb4 Bd7 17. Nc2 Bxf4 18. Rxf4 Qg5 19. Rf3 f5 20. Nxd4 f4 21. Qd2 Rf6 22. Raf1 Raf8 23. Bd1 a6 24. Ne2 Qh4 25. Qe1 Qg5 26. Qf2 Qg6 27. Nxf4 Rxf4 28. Rxf4 Bxh3 29. Rxf8+ Nxf8 30. Qxf8+ Kh7 31. Qf2 Qf6 32. Bf3 Bg4 33. Qg3 Qd4+ 1-0

[Event "Unterfranken-ch HA 63th"]
[Site "Schweinfurt"]
[Date "2012.04.11"]
[Round "4"]
[White "Tseluyko, Pavel"]
[Black "Walther, Wolfgang"]
[Result "1-0"]
[WhiteElo "1135"]
[BlackElo "1270"]
[PlyCount "103"]
[EventDate "2012.04.09"]
[EventType "swiss"]
[EventRounds "9"]
[EventCountry "GER"]
[SourceTitle "EXT 2015"]
[Source "ChessBase"]
[SourceDate "2014.11.20"]
[SourceVersion "1"]
[SourceVersionDate "2014.11.20"]
[SourceQuality "1"]

1. e4 e6 2. d4 Nc6 3. Nf3 d5 4. e5 Bb4+ 5. c3 Ba5 6. Bb5 Nge7 7. 0-0 0-0 8. b4 a6 9. Ba4 b5 10. Bc2 Bb6 11. Qd3 Nf5 12. Nbd2 f6 13. Re1 Nce7 14. Nh4 Qe8 15. Nf1 Qh5 16. g3 Nxh4 17. gxh4 Qg4+ 18. Qg3 f5 19. Bd1 Qxg3+ 20. hxg3 Ng6 21. h5 Ne7 22. Bg5 Nc6 23. Nh2 a5 24. a3 Bb7 25. Be2 axb4 26. axb4 h6 27. Be3 Ne7 28. g4 f4 29. Bd2 c6 30. Kh1 c5 31. bxc5 Bc7 32. Bxb5 Bc6 33. Be2 Rab8 34. Rg1 Bb5 35. Bf3 Bd3 36. g5 Rb2 37. Be1 Be4 38. gxh6 Nf5 39. Rg6 Ng3+ 40. Kg1 Bxg6 41. hxg6 Nf5 42. h7+ Kh8 43. Ra6 Rb1 44. Kf1 Re8 45. Ra7 Bd8 46. Ra8 Nh4 47. Bh5 Rf8 48. c6 Rb8 49. Rxb8 Nf5 50. c7 Ne7 51. cxd8Q Nxg6 52. Bxg6 1-0

[Event "Unterfranken-ch HA 63th"]
[Site "Schweinfurt"]
[Date "2012.04.09"]
[Round "1"]
[White "Walther, Wolfgang"]
[Black "Brodt, Andreas"]
[Result "0-1"]
[WhiteElo "1270"]
[BlackElo "1579"]
[PlyCount "58"]
[EventDate "2012.04.09"]
[EventType "swiss"]
[EventRounds "9"]
[EventCountry "GER"]
[SourceTitle "EXT 2015"]
[Source "ChessBase"]
[SourceDate "2014.11.20"]
[SourceVersion "1"]
[SourceVersionDate "2014.11.20"]
[SourceQuality "1"]

1. c4 e5 2. e3 Nf6 3. d4 exd4 4. exd4 c6 5. Bd2 Be7 6. Nf3 d6 7. Be2 0-0 8. 0-0 Qb6 9. Be3 Bf5 10. Bd3 Be4 11. Nbd2 Nbd7 12. b4 c5 13. Qc2 cxb4 14. Rab1 a5 15. c5 dxc5 16. Nc4 Qc7 17. Bd2 Bxf3 18. gxf3 b5 19. Ne5 c4 20. Nxd7 Qxd7 21. Rfe1 cxd3 22. Qxd3 Bc5 23. Be3 Ra6 24. d5 Bxe3 25. Rxe3 Rd6 26. Re5 Qh3 27. Rf5 Ng4 28. Re1 Qxh2+ 29. Kf1 Qxf2# 0-1

[Event "Unterfranken-ch HA 62th"]
[Site "Gerolzhofen"]
[Date "2011.04.29"]
[Round "6"]
[White "Walther, Wolfgang"]
[Black "Degering, Heinz"]
[Result "0-1"]
[WhiteElo "1270"]
[BlackElo "1338"]
[PlyCount "69"]
[EventDate "2011.04.25"]
[EventType "swiss"]
[EventRounds "9"]
[EventCountry "GER"]
[SourceTitle "EXT 2015"]
[Source "ChessBase"]
[SourceDate "2014.11.20"]
[SourceVersion "1"]
[SourceVersionDate "2014.11.20"]
[SourceQuality "1"]

1. c4 c5 2. e3 e5 3. Nc3 Nf6 4. d4 exd4 5. exd4 d5 6. Nf3 cxd4 7. Qxd4 Bb4 8. Be2 Bxc3+ 9. Qxc3 dxc4 10. Qxc4 0-0 11. 0-0 Nc6 12. Bg5 Be6 13. Qc2 Rc8 14. Rfd1 Qb6 15. Bxf6 gxf6 16. a3 Nd4 17. Qd3 Bc4 18. Qxd4 Bxe2 19. Qxb6 axb6 20. Rd6 Bxf3 21. gxf3 Rc6 22. Rad1 Kg7 23. Rd7 Rb8 24. Re7 Rc2 25. Rdd7 Rf8 26. b4 Rc3 27. Rxb7 Rxf3 28. Rxb6 Rxa3 29. Re4 Kh8 30. Rg4 Ra1+ 31. Kg2 Rg8 32. Rxg8+ Kxg8 33. Rxf6 Ra8 34. Rf5 Kf8 35. Rd5 0-1